000 01475nam a2200397 c 4500
001 45554
003 ES-MaCES
005 20141202122152.0
008 141127s2014 sp | 010 | spa d
017 _aGR 1782-2014
_bDL
020 _a9788490452165
040 _aES-MaCES
_bspa
_cES-MaCES
245 0 0 _aTransformaciones del Estado Social y Derecho del Trabajo
_b: libro homenaje al profesor Manuel Álvarez de la Rosa (...) con motivo de su jubilación
_cMargarita Ramos, Gloria Rojas (coords.)
260 _aGranada
_bComares
_c2014
300 _aXII, 442 p.
_c22 cm
490 1 _aColección Trabajo y Seguridad Social
_v82
490 1 _aBiblioteca Comares de ciencia jurídica
504 _aBibliografía
541 _cCompra
650 4 _aEstado-Benefactor
_929481
650 4 _alegislación de seguridad social
_929855
650 4 _areforma de la seguridad social
_930668
650 4 _alegislación del trabajo
_927166
650 4 _aflexibilidad del trabajo
_930174
650 4 _areforma legislativa
_929892
650 4 _aderecho del trabajo
_927165
650 4 _aEspaña
_926964
653 1 0 _aDerecho del trabajo y Seguridad Social
700 1 _935493
_aRamos, Margarita
_ecol.
700 1 _935494
_aRojas, Gloria
_ecol.
700 1 _96122
_aÁlvarez de la Rosa, Manuel
830 0 _aColección Trabajo y Seguridad Social
_v82
_933762
830 0 _aBiblioteca Comares de ciencia jurídica
_932174
902 _aLIB Libro
942 _2CES
_cBK
_h6.0.1.
999 _c45554
_d45554